000 00897nam a2200241 a 4500
001 BRCA_1636
005 20190320203504.0
008 310805s1999----sp-a---f##---#001-0#spa-#
020 _a8489796149
050 4 _aND1393
_b.C44 1999
100 1 _aCherry, Peter
_95120
245 1 0 _aArte y naturaleza
_bel bodegón español en el Siglo de Oro
_cPeter Cherry ; traducción del inglés, Ivars Barzdevics ; fotografías, Joaquín Cortés.
260 _aMadrid
_bDoce Calles
_c1999
300 _a610 p.
_bil. (algunas a color)
_c31 cm.
500 _aIncluye cronología de la vida de los pintores e índice onomástico
504 _aBibliografía : p. 569-589
650 1 4 _aBodegones españoles
_ySiglo XVII
_95121
650 1 4 _aPintores
_vBiografías
_zEspaña
_95122
653 0 _aNaturaleza muerta
700 1 _aCortés, Joaquín
_d1938-
_95123
700 1 _aBarzdevics, Ivars
_95124
942 _2lcc
_cB
999 _c1439
_d1439